Dacca: (Record no. 29750)

MARC details
000 -LEADER
fixed length control field 00640nam a22001937a 4500
003 - CONTROL NUMBER IDENTIFIER
control field BDDh-ASL
005 - DATE AND TIME OF LATEST TRANSACTION
control field 20231015031049.0
008 - FIXED-LENGTH DATA ELEMENTS--GENERAL INFORMATION
fixed length control field 221220s1981 b ||||| |||| 00| 0 eng d
040 ## - CATALOGING SOURCE
Transcribing agency BDDh-ASL
082 ## - DEWEY DECIMAL CLASSIFICATION NUMBER
Classification number 954.922
Item number HAD
100 1# - MAIN ENTRY--PERSONAL NAME
Personal name Hasan, Syed Mahmudul
Titles and words associated with a name Dr.
9 (RLIN) 6799
245 1# - TITLE STATEMENT
Title Dacca:
Remainder of title The City of Mosques. /
260 ## - PUBLICATION, DISTRIBUTION, ETC.
Place of publication, distribution, etc. Dacca:
Name of publisher, distributor, etc. Islamic Foundation, Bangladesh.
Date of publication, distribution, etc. 1981.
300 ## - PHYSICAL DESCRIPTION
Extent 89 p.:
Other physical details Pic.;
Dimensions 22 cm.
504 ## - BIBLIOGRAPHY, ETC. NOTE
Bibliography, etc. note Include Bibliographical References.
650 #0 - SUBJECT ADDED ENTRY--TOPICAL TERM
Topical term or geographic name entry element History of Dhaka (ঢাকার ইতিহাস)
9 (RLIN) 6126
650 #0 - SUBJECT ADDED ENTRY--TOPICAL TERM
Topical term or geographic name entry element Mosque of Dhaka (ঢাকার মসজিদ)
9 (RLIN) 6241
942 ## - ADDED ENTRY ELEMENTS (KOHA)
Source of classification or shelving scheme Dewey Decimal Classification
Koha item type Books
Holdings
Withdrawn status Lost status Source of classification or shelving scheme Damaged status Not for loan Collection code Home library Current library Shelving location Date acquired Source of acquisition Total Checkouts Full call number Barcode Date last seen Copy number Price effective from Koha item type Public note
    Dewey Decimal Classification   Not For Loan Non-fiction Asiatic Society Library Asiatic Society Library Dhaka Collection 12/20/2022 Donated by Mr. Anupom Hayat   954.922 HAD 118012 12/20/2022 C-1 12/20/2022 Books RARE
    Dewey Decimal Classification     Non-fiction Asiatic Society Library Asiatic Society Library General Stacks 06/25/2023 ASB Library Collection   954.922 HAD 124722 06/25/2023 C-2 06/25/2023 Books Y-1981

Powered by Koha